[Event "GER-chT U12"]
[Site "Verden an der Aller"]
[Date "2003.12.30"]
[Round "7.2"]
[White "Hietter, Marc Aurel"]
[Black "Sergin, Mark"]
[Result "1/2-1/2"]
[WhiteElo "1198"]
[BlackElo "1485"]
[PlyCount "45"]
[EventDate "2003.12.27"]
[EventType "team-swiss"]
[EventRounds "7"]
[EventCountry "GER"]
[SourceTitle "EXT 2022"]
[Source "ChessBase"]
[SourceDate "2021.10.06"]
[SourceVersion "1"]
[SourceVersionDate "2021.10.06"]
[SourceQuality "1"]
[WhiteTeam "Rastatt"]
[BlackTeam "Baunatal"]
[WhiteTeamCountry "GER"]
[BlackTeamCountry "GER"]

1. d4 Nf6 2. Nf3 g6 3. Bf4 Bg7 4. Nc3 0-0 5. e4 d6 6. Bc4 a6 7. 0-0 b5 8. Bb3 b4 9. Bd5 c6 10. Bxf7+ Rxf7 11. Ne2 Nxe4 12. Qd3 Bf5 13. Qe3 Nf6 14. Qb3 d5 15. Qxb4 Bxc2 16. Ng5 Bd3 17. Rfe1 Nbd7 18. Nxf7 Kxf7 19. Qc3 Bxe2 20. Rxe2 Qb6 21. Be5 Re8 22. Rc1 Rc8 23. b3 1/2-1/2

[Event "GER-chT U12"]
[Site "Verden an der Aller"]
[Date "2003.12.28"]
[Round "3.2"]
[White "Hietter, Marc Aurel"]
[Black "Friedrich, Wiede"]
[Result "0-1"]
[WhiteElo "1198"]
[BlackElo "1462"]
[PlyCount "126"]
[EventDate "2003.12.27"]
[EventType "team-swiss"]
[EventRounds "7"]
[EventCountry "GER"]
[SourceTitle "EXT 2022"]
[Source "ChessBase"]
[SourceDate "2021.10.06"]
[SourceVersion "1"]
[SourceVersionDate "2021.10.06"]
[SourceQuality "1"]
[WhiteTeam "Rastatt"]
[BlackTeam "Potsdam USV"]
[WhiteTeamCountry "GER"]
[BlackTeamCountry "GER"]

1. Nf3 c6 2. d4 d5 3. e3 Bf5 4. Bd3 Bxd3 5. Qxd3 e6 6. c3 Bd6 7. 0-0 Nd7 8. Nbd2 Ngf6 9. Re1 0-0 10. e4 dxe4 11. Nxe4 Nxe4 12. Qxe4 Nf6 13. Qd3 Qc7 14. Bd2 Rad8 15. Bg5 Be7 16. Ne5 c5 17. Qg3 cxd4 18. Bh6 Ne8 19. cxd4 Rxd4 20. Rad1 Rxd1 21. Rxd1 Bd6 22. Bf4 f6 23. Rc1 Qe7 24. Nc4 e5 25. Be3 Bc5 26. Bxc5 Qxc5 27. Rc3 Qd5 28. Qd3 Nc7 29. Qxd5+ Nxd5 30. Rd3 Rc8 31. b3 Nb6 32. Rc3 Nxc4 33. Rxc4 Rxc4 34. bxc4 Kf7 35. Kf1 Ke6 36. Ke2 Kd6 37. Kd3 Kc5 38. Kc3 f5 39. a3 g5 40. f3 h5 41. Kd3 b5 42. cxb5 Kxb5 43. g3 Kc5 44. h3 h4 45. g4 fxg4 46. fxg4 Kd5 47. Ke3 e4 48. a4 a5 49. Kd2 Kd4 50. Ke2 e3 51. Ke1 Ke4 52. Ke2 Kf4 53. Ke1 Kg3 54. Ke2 Kxh3 55. Kxe3 Kxg4 56. Kf2 Kf4 57. Kg2 g4 58. Kh2 h3 59. Kg1 Kf3 60. Kh1 Kf2 61. Kh2 g3+ 62. Kh1 g2+ 63. Kh2 g1Q+ 0-1

[Event "Baden-ch U12"]
[Site "Bad Mergentheim"]
[Date "2003.01.04"]
[Round "2"]
[White "Hietter, Marc Aurel"]
[Black "Maier, Maximilian"]
[Result "1-0"]
[WhiteElo "1027"]
[BlackElo "1516"]
[PlyCount "49"]
[EventDate "2003.01.04"]
[EventType "swiss"]
[EventRounds "7"]
[EventCountry "GER"]
[SourceTitle "EXT 2005"]
[Source "ChessBase"]
[SourceDate "2004.11.15"]
[SourceVersion "1"]
[SourceVersionDate "2004.11.15"]
[SourceQuality "1"]

1. Nf3 d5 2. d4 c5 3. e3 Nc6 4. Bd3 Bg4 5. c3 e6 6. Nbd2 Nf6 7. 0-0 cxd4 8. cxd4 Bd6 9. h3 Bh5 10. e4 Nxd4 11. Qa4+ Nc6 12. e5 Bc5 13. exf6 Qxf6 14. Bb5 Rc8 15. a3 0-0 16. Rb1 Bg6 17. Ra1 a6 18. Bxc6 Rxc6 19. Qb3 Rb6 20. Qc3 Qe7 21. b4 Bd6 22. Ne5 Qf6 23. Bb2 Qe7 24. Nd7 d4 25. Qxd4 1-0